MARC

LEADER 00000nam0a2200000 4500
001 294209
005 20231102000655.0
020 |a RU  |b 84-4996 
035 |a (RuTPU)RU\TPU\book\319264 
090 |a 294209 
100 |a 20150512d1983 m y0rusy5003 ca 
101 0 |a rus 
102 |a RU 
105 |a a j 001zy 
200 1 |a Теоретические основы криогенной техники  |e учебное пособие  |f С. С. Будневич, С. В. Холодковский  |g Ленинградский технологический институт холодильной промышленности (ЛТИХП) 
210 |a Ленинград  |c Изд-во Ленинградского технологического ин-та  |d 1983 
215 |a 76 с.  |c ил. 
320 |a Библиогр.: с. 75 
606 1 |a Криогенная техника  |x Автоматизация  |2 stltpush  |3 (RuTPU)RU\TPU\subj\16267  |9 42400 
610 1 |a теория 
610 1 |a низкие температуры 
610 1 |a использование 
610 1 |a рефрижераторы 
610 1 |a криогенные циклы 
610 1 |a охлаждение 
610 1 |a энергетические затраты 
610 1 |a учебные пособия 
675 |a 621.59(075.8)  |z rus  |v 3 
700 1 |a Будневич  |b С. С.  |g Семен Самойлович  |4 070 
701 1 |a Холодковский  |b С. В.  |g Сергей Валерьянович  |4 070 
712 0 2 |a Ленинградский технологический институт холодильной промышленности (ЛТИХП)  |c (1953-1992)  |2 stltpush  |3 (RuTPU)RU\TPU\col\11592 
801 0 |a RU  |b RuMRKP  |c 19950704  |g psbo 
801 1 |a RU  |b 63413507  |c 20150512 
801 2 |a RU  |b 63413507  |c 20190215  |g RCR 
942 |c BK